La Venezuela Constituyente de 1999: el testimonio de un historiador /
Wedi'i Gadw mewn:
| Prif Awdur: | |
|---|---|
| Fformat: | Texto |
| Tagiau: |
Ychwanegu Tag
Dim Tagiau, Byddwch y cyntaf i dagio'r cofnod hwn!
|
MARC
| LEADER | 00000 a a2200000 04500 | ||
|---|---|---|---|
| 001 | 9016 | ||
| 003 | |||
| 040 | |||
| 100 | |a Rojas, Reinaldo | ||
| 245 | |a La Venezuela Constituyente de 1999: |b el testimonio de un historiador / |c Reinaldo Rojas | ||
| 500 | |a Resumen también en francés | ||
| 773 | |g número 202; páginas 25-29 | ||
| 999 | |c 25719 |d 25719 | ||
